| 000 | 00381nam a2200109Ia 4500 | ||
|---|---|---|---|
| 008 | 171205s9999 xx 000 0 und d | ||
| 020 | _a9789715427562 | ||
| 100 | _aAbdul-Hamid, Jamaliah. | ||
| 245 |
_cJamaliah Abdul-Hamid, Narcisa Paredes-Canilao _aEduational Leadership and Leadership Education in Asia |
||
| 260 |
_bUniversity of the Philippines Press _c2014 |
||
| 300 | _a360 pages | ||
| 999 |
_c347357 _d347357 |
||